| 000 | 01123nam a2200325 a 4500 | ||
|---|---|---|---|
| 001 | vtls001248888 | ||
| 003 | NLI | ||
| 005 | 20210603174758.0 | ||
| 008 | 120403s1963 ii 000 0 tam | ||
| 039 | 9 |
_y201204031940 _zVLOAD |
|
| 040 |
_aNLI _btameng _cDatasoft_Tamil_S _eAACR2 |
||
| 041 | 0 | _atam | |
| 044 | _a ii | ||
| 082 | 0 | 4 | _a 205 |
| 100 | 1 |
_6880-01 _aஅழகிய சிங்கராச்சாரி, M. O. |
|
| 245 | 1 | 0 |
_6880-02 _6880-02 _aபக்தன் / _cஎம். ஒ. அழகிய சிங்கராச்சாரி |
| 260 |
_aசென்னை : _bபக்தன் கார்யாலயம், _c1963 |
||
| 300 |
_a-v. ; _c18 cm. |
||
| 362 | 1 | _aV.11 1963-1964. | |
| 500 | _aLibrary has vol.11 | ||
| 650 | 0 |
_aReligion _vPeriodicals _9438816 |
|
| 880 | 1 | 0 |
_6245-02(B _6245-02 (B _aPaktan / _cM. O. Azakiya Siṅkarāchāri |
| 880 | 1 |
_6100-01(B _aAzakiya Siṅkarāchāri, M. O |
|
| 887 | _a | ||
| 901 |
_aL 2101 _b16.11.1965 _9v.11 |
||
| 902 | _aTa 205 B 251 | ||
| 904 | _l1900 | ||
| 942 |
_2ddc _cBKS |
||
| 949 |
_AVIRTUAITEM _D10000 _X100 _6LXX000002101TAM _9v.11 |
||
| 999 |
_aVIRTUA40 _c537745 _d537745 |
||